[Event "tm FRA 1st"]
[Site "France"]
[Date "1999.??.??"]
[Round "5"]
[White "Philippe, Christophe"]
[Black "Sorin, Maxime"]
[Result "1/2-1/2"]
[WhiteElo "2254"]
[BlackElo "2208"]
[Annotator "Nancy-Cannes"]
[PlyCount "64"]
[EventDate "1999.??.??"]

1. e4 c5 2. Nf3 Nc6 3. Bb5 e6 4. Bxc6 bxc6 5. O-O Ne7 6. d3 Ng6 7. Ng5 e5 8.
Qh5 Be7 9. Nc3 d6 10. Ne2 Bxg5 11. Bxg5 Qb6 12. b3 O-O 13. Kh1 f6 14. Be3 f5
15. f4 exf4 16. Nxf4 Ne5 17. Nh3 Ng4 18. Bg5 g6 19. Qh4 Qc7 20. Rae1 Re8 21.
exf5 Bxf5 22. Be7 d5 23. Nf4 d4 24. Nh5 Kh8 25. Ng3 Ne3 26. Qf6+ Kg8 27. Nxf5
gxf5 28. Qg5+ Kf7 29. Qf6+ Kg8 30. Qg5+ Kf7 31. Qf6+ Kg8 32. Qg5+ Kf7 1/2-1/2

[Event "tm FRA 1st"]
[Site "France"]
[Date "1999.??.??"]
[Round "5"]
[White "Acher, Mathieu"]
[Black "Zawadski, Stephane"]
[Result "0-1"]
[WhiteElo "2232"]
[BlackElo "2200"]
[Annotator "Cannes-Nancy"]
[PlyCount "92"]
[EventDate "1999.??.??"]

1. e4 d6 2. d4 Nf6 3. Nc3 g6 4. Be3 c6 5. Qd2 Nbd7 6. Nf3 Qa5 7. Bd3 Bg7 8. Bh6
Bxh6 9. Qxh6 Qh5 10. Qe3 O-O 11. O-O-O c5 12. Qd2 cxd4 13. Nxd4 Kg7 14. Kb1 Ne5
15. Be2 Qh6 16. f4 Nc6 17. Rdf1 Kg8 18. h3 Qg7 19. Nb3 Be6 20. Bf3 Rfd8 21. Nd5
Rac8 22. g4 b6 23. Re1 Nd7 24. g5 a5 25. c3 a4 26. Nd4 Bxd5 27. exd5 Nxd4 28.
cxd4 Rc4 29. Re4 f5 30. gxf6 Nxf6 31. Re6 a3 32. b3 Rc7 33. h4 Rdc8 34. Rhe1
Kf8 35. R1e3 Qh6 36. h5 Qxf4 37. Be2 Rc1+ 38. Qxc1 Rxc1+ 39. Kxc1 Nxd5 40. R6e4
Qxe3+ 41. Rxe3 Nxe3 42. hxg6 hxg6 43. Bf3 Nf5 44. d5 Nd4 45. Bd1 Kf7 46. Kd2
Kf6 0-1

[Event "tm FRA 1st"]
[Site "France"]
[Date "1999.??.??"]
[Round "5"]
[White "Muller, Veronique"]
[Black "Bramme, Emmanuelle"]
[Result "0-1"]
[WhiteElo "2049"]
[BlackElo "1870"]
[Annotator "Nancy-Cannes"]
[PlyCount "116"]
[EventDate "1999.??.??"]

1. e4 c5 2. c3 d5 3. exd5 Qxd5 4. d4 Nf6 5. Nf3 Bg4 6. Be2 e6 7. O-O Nc6 8. Na3
a6 9. Nc2 cxd4 10. Ncxd4 Nxd4 11. Nxd4 Bxe2 12. Qxe2 Be7 13. Bf4 O-O 14. Rfd1
Qe4 15. Qxe4 Nxe4 16. Nb3 Nf6 17. Bg5 h6 18. Bh4 g5 19. Bg3 Nd5 20. Rd2 Rac8
21. Nd4 Nb6 22. Nf3 Rfd8 23. Rxd8+ Bxd8 24. Rd1 Bc7 25. Be5 Rd8 26. Rxd8+ Bxd8
27. b3 Nd5 28. c4 Nb4 29. a3 Nc6 30. Bc3 Kh7 31. Kf1 Kg6 32. Ke2 Bf6 33. Kd3 h5
34. Bxf6 Kxf6 35. h3 g4 36. hxg4 hxg4 37. Nd4 Ke7 38. Nxc6+ bxc6 39. Kd4 Kd6
40. c5+ Ke7 41. Ke5 a5 42. Kf4 Kf6 43. Kxg4 Ke5 44. Kg5 f6+ 45. Kg6 f5 46. Kg5
Kd5 47. Kf6 f4 48. f3 Kxc5 49. Kxe6 Kd4 50. Kf5 c5 51. Kxf4 a4 52. bxa4 c4 53.
a5 c3 54. a6 c2 55. a7 c1=Q+ 56. Kg4 Qxa3 57. f4 Qxa7 58. f5 Ke5 0-1

[Event "tm FRA 1st"]
[Site "France"]
[Date "1999.??.??"]
[Round "5"]
[White "Ikonnikov, Vyacheslav"]
[Black "Komarov, Dimitri"]
[Result "1/2-1/2"]
[WhiteElo "2561"]
[BlackElo "2588"]
[Annotator "Auxerre-Drancy"]
[PlyCount "32"]
[EventDate "1999.??.??"]

1. d4 Nf6 2. Nf3 e6 3. c4 b6 4. Nc3 Bb7 5. Bg5 Be7 6. e3 h6 7. Bh4 O-O 8. Be2
Ne4 9. Bxe7 Qxe7 10. Nxe4 Bxe4 11. O-O d6 12. Nd2 Bb7 13. Bf3 c5 14. Ne4 Nd7
15. dxc5 dxc5 16. Nc3 Ne5 1/2-1/2

[Event "tm FRA 1st"]
[Site "France"]
[Date "1999.??.??"]
[Round "5"]
[White "Legky, Nikolay"]
[Black "Van Wely, Loek"]
[Result "0-1"]
[WhiteElo "2487"]
[BlackElo "2633"]
[Annotator "Drancy-Auxerre"]
[PlyCount "96"]
[EventDate "1999.??.??"]

1. d4 Nf6 2. Nf3 g6 3. Bf4 Bg7 4. e3 O-O 5. c3 d6 6. h3 c5 7. dxc5 dxc5 8. Qxd8
Rxd8 9. Bc7 Re8 10. Bb5 Bd7 11. a4 Rc8 12. Bh2 Bxb5 13. axb5 Nbd7 14. Ke2 c4
15. Rd1 Nb6 16. Nbd2 Nfd7 17. Ra5 Nc5 18. Rda1 Nd3 19. Rxa7 Nxb2 20. Rxa8 Rxa8
21. Rxa8+ Nxa8 22. Be5 f6 23. Bb8 Nb6 24. Nb1 Kf7 25. e4 Bh6 26. Ba7 N6a4 27.
e5 b6 28. exf6 exf6 29. Nd4 Bf4 30. Kf3 Be5 31. Ke4 Nd1 32. Ne2 Ke6 33. Nd4+
Kd7 34. Ne2 Kc7 35. Kd5 Kb7 36. Kxc4 Nxf2 37. Nd4 Kxa7 38. Nc6+ Kb7 39. Nxe5
fxe5 40. Nd2 Kc7 41. Kd5 e4 42. Kd4 Kd6 43. Nc4+ Ke6 44. Ne3 h5 45. c4 g5 46.
Nd5 Nd1 47. Nxb6 Nxb6 48. c5 e3 0-1

[Event "tm FRA 1st"]
[Site "France"]
[Date "1999.??.??"]
[Round "5"]
[White "Cramling, Pia"]
[Black "Doornbos, Yann"]
[Result "1/2-1/2"]
[WhiteElo "2515"]
[BlackElo "2332"]
[Annotator "Auxerre-Drancy"]
[PlyCount "84"]
[EventDate "1999.??.??"]

1. d4 d5 2. Nf3 Nf6 3. c4 c6 4. Nc3 e6 5. Bg5 dxc4 6. e4 b5 7. e5 h6 8. Bh4 g5
9. exf6 gxh4 10. Ne5 Qxf6 11. a4 h3 12. g3 c5 13. f4 Bb7 14. Rg1 Bg7 15. axb5
cxd4 16. Qxd4 O-O 17. Rxa7 Rd8 18. Qe3 Rxa7 19. Qxa7 Nd7 20. Nc6 Bxc6 21. bxc6
Qd4 22. Qxd4 Bxd4 23. Rh1 Nb6 24. Bxh3 Bxc3+ 25. bxc3 Nd5 26. Kf2 Ne7 27. c7
Rc8 28. Ke3 Rxc7 29. Kd4 Nc8 30. Rb1 Kf8 31. Bf1 Nd6 32. g4 Ra7 33. Rb8+ Ke7
34. Bxc4 Nxc4 35. Kxc4 Ra2 36. Rb7+ Kf6 37. h4 Rf2 38. g5+ Kg6 39. h5+ Kxh5 40.
Rxf7 hxg5 41. Re7 gxf4 42. Rxe6 Ra2 1/2-1/2

[Event "tm FRA 1st"]
[Site "France"]
[Date "1999.??.??"]
[Round "5"]
[White "Giffard, Nicolas"]
[Black "Solozhenkin, Evgeniy"]
[Result "1/2-1/2"]
[WhiteElo "2369"]
[BlackElo "2545"]
[Annotator "Drancy-Auxerre"]
[PlyCount "98"]
[EventDate "1999.??.??"]

1. Nf3 d5 2. d4 Nf6 3. c4 c6 4. Qb3 dxc4 5. Qxc4 Bf5 6. g3 e6 7. Bg2 Nbd7 8.
O-O h6 9. Nbd2 Be7 10. Qb3 Nb6 11. Re1 O-O 12. e4 Bh7 13. h3 Rc8 14. a3 c5 15.
dxc5 Nbd7 16. c6 Nc5 17. Qe3 Rxc6 18. Ne5 Rc8 19. b4 Ncd7 20. Nec4 b5 21. Na5
Nc5 22. Ndb3 Ncxe4 23. Qxa7 Rc7 24. Qa6 Qd5 25. Be3 Ra8 26. Qb6 Rac8 27. Nd4
Qh5 28. Qxb5 Nd5 29. Ndc6 Bf6 30. Bd4 Nec3 31. Qa6 Bxd4 32. Nxd4 Qg5 33. Nxe6
fxe6 34. Qxe6+ Kh8 35. Re5 Qd8 36. Bxd5 Nxd5 37. Rxd5 Qf8 38. Re1 Bg8 39. Qe5
Bxd5 40. Qxd5 Rc1 41. Rxc1 Rxc1+ 42. Kg2 Ra1 43. Nc4 Ra2 44. Qf3 Qe7 45. h4 Qe6
46. Na5 Ra1 47. Nc6 Qe1 48. Qf8+ Kh7 49. Qf5+ Kh8 1/2-1/2

[Event "tm FRA 1st"]
[Site "France"]
[Date "1999.??.??"]
[Round "5"]
[White "Vaisser, Anatoly"]
[Black "Borne, Niels"]
[Result "1-0"]
[WhiteElo "2559"]
[BlackElo "2305"]
[Annotator "Auxerre-Drancy"]
[PlyCount "65"]
[EventDate "1999.??.??"]

1. d4 Nf6 2. c4 e6 3. Nc3 Bb4 4. e3 O-O 5. Nf3 c5 6. Be2 d5 7. O-O cxd4 8. exd4
dxc4 9. Bxc4 b6 10. Bg5 Bb7 11. Rc1 Nbd7 12. Qe2 Bxc3 13. Rxc3 Qb8 14. Bh4 Qf4
15. Bg3 Qe4 16. Re3 Qc6 17. Re1 Rac8 18. Bb3 Nd5 19. Re4 N5f6 20. Re3 Nd5 21.
Re4 N5f6 22. Rh4 Rfe8 23. Be5 b5 24. Qd2 h6 25. h3 Red8 26. d5 Nxe5 27. Nxe5
Qc7 28. Rxh6 Nxd5 29. Rh4 Qe7 30. Rg4 Nf6 31. Qg5 g6 32. Nxf7 Qxf7 33. Bxe6 1-0

[Event "tm FRA 1st"]
[Site "France"]
[Date "1999.??.??"]
[Round "5"]
[White "Delebarre, Xavier"]
[Black "Bellon Lopez, Juan Manuel"]
[Result "1/2-1/2"]
[WhiteElo "2261"]
[BlackElo "2447"]
[Annotator "Drancy-Auxerre"]
[PlyCount "91"]
[EventDate "1999.??.??"]

1. h3 d5 2. d4 c5 3. e4 dxe4 4. dxc5 Qxd1+ 5. Kxd1 Nc6 6. Nc3 f5 7. f3 Nf6 8.
fxe4 fxe4 9. Be3 e6 10. a3 Nd5 11. Nxd5 exd5 12. Bb5 Be7 13. Ne2 O-O 14. Bxc6
bxc6 15. b4 a5 16. Kd2 Bf6 17. c3 Ba6 18. Nd4 Bxd4 19. Bxd4 Bc4 20. Ke3 Rf7 21.
Rhb1 a4 22. Rb2 Raf8 23. Rg1 Rf1 24. Rxf1 Rxf1 25. Be5 Bb5 26. Ra2 Re1+ 27. Kf2
Rb1 28. Ke3 h6 29. h4 Bc4 30. Rd2 Ra1 31. Rb2 Rxa3 32. b5 Rb3 33. Rxb3 axb3 34.
b6 Ba6 35. c4 Bb7 36. cxd5 cxd5 37. Bd4 Kf7 38. Kd2 g6 39. Kc3 Ke6 40. g4 Kd7
41. Kxb3 Kc6 42. Kb4 g5 43. hxg5 hxg5 44. Be3 Bc8 45. Bxg5 Bxg4 46. Be3 1/2-1/2

[Event "tm FRA 1st"]
[Site "France"]
[Date "1999.??.??"]
[Round "5"]
[White "Boudre, Jean-Pierre"]
[Black "Zangrilli, David"]
[Result "1-0"]
[WhiteElo "2389"]
[BlackElo "2254"]
[Annotator "Auxerre-Drancy"]
[PlyCount "87"]
[EventDate "1999.??.??"]

1. e4 c6 2. f4 d5 3. e5 g6 4. Nf3 h5 5. c4 Nh6 6. Nc3 e6 7. d4 a6 8. Be3 Be7 9.
Qd2 Nd7 10. c5 b6 11. cxb6 Nxb6 12. Bd3 a5 13. Qe2 Nf5 14. Bf2 Qc7 15. Rc1 Qa7
16. Nd1 Bd7 17. O-O Rb8 18. g3 Na4 19. h3 Rc8 20. Kg2 Nb6 21. Rc2 Rc7 22. g4
Ng7 23. Nc3 Qb8 24. Rfc1 Rb7 25. Nd1 Na8 26. Nc3 Nb6 27. Nd2 a4 28. Nf3 Ra7 29.
a3 Qd8 30. Nd1 g5 31. Qe3 gxf4 32. Qxf4 Nc8 33. Ne3 hxg4 34. hxg4 Rb7 35. Rf1
Rb3 36. Rd2 Nb6 37. Be1 Rg8 38. Rh1 Nf5 39. Bf2 Bg5 40. Nxg5 Qxg5 41. Qxg5 Rxg5
42. Rh8+ Ke7 43. Nxf5+ exf5 44. Bh4 1-0

[Event "tm FRA 1st"]
[Site "France"]
[Date "1999.??.??"]
[Round "5"]
[White "Moracchini, Fabrice"]
[Black "Chevrier, Thomas"]
[Result "1-0"]
[WhiteElo "2303"]
[BlackElo "2156"]
[Annotator "Drancy-Auxerre"]
[PlyCount "76"]
[EventDate "1999.??.??"]

1. d4 Nf6 2. Nf3 e6 3. c4 c5 4. Nc3 cxd4 5. Nxd4 Bb4 6. Qb3 Bc5 7. Nf3 Nc6 8.
Bg5 Qb6 9. Qxb6 Bxb6 10. g3 Ng4 11. Nd1 Nce5 12. Nxe5 Nxe5 13. Rc1 Ba5+ 14. Bd2
Bxd2+ 15. Kxd2 Ke7 16. Bg2 h5 17. h3 Rb8 18. f4 Ng6 19. h4 b6 20. e4 Bb7 21.
Re1 Nf8 22. Bf3 f6 23. Ke3 Rc8 24. Nf2 g6 25. Red1 Rc7 26. Rc3 Nh7 27. Rcd3 g5
28. hxg5 fxg5 29. Bxh5 gxf4+ 30. gxf4 Nf6 31. Be2 Rg8 32. b3 Rg3+ 33. Bf3 a5
34. Ke2 d5 35. exd5 exd5 36. cxd5 Rc2+ 37. R1d2 Rc1 38. d6+ Kd8 1-0

[Event "tm FRA 1st"]
[Site "France"]
[Date "1999.??.??"]
[Round "5"]
[White "Nicoara, Malina"]
[Black "Mora, Virginie"]
[Result "1-0"]
[WhiteElo "2245"]
[BlackElo "2140"]
[Annotator "Auxerre-Drancy"]
[PlyCount "87"]
[EventDate "1999.??.??"]

1. d4 Nf6 2. c4 g6 3. Nc3 Bg7 4. e4 d6 5. f3 O-O 6. Be3 Nc6 7. Nge2 Nd7 8. Qd2
Nb6 9. b3 e5 10. d5 Ne7 11. g4 f5 12. gxf5 gxf5 13. Bh6 f4 14. Bxg7 Kxg7 15. h4
Kh8 16. O-O-O Rg8 17. Kb1 a5 18. h5 a4 19. Nxf4 axb3 20. axb3 Rg3 21. Nd3 Rxf3
22. Be2 Rg3 23. Rdg1 Qg8 24. Qe1 Rxg1 25. Rxg1 Qf7 26. Nb5 Ng8 27. c5 Nxd5 28.
exd5 Qxd5 29. Qc3 Qe4 30. Qc4 Qxc4 31. bxc4 Bf5 32. Nxc7 Rd8 33. Kb2 e4 34. Nf4
dxc5 35. Nfd5 Rd6 36. Bg4 Nh6 37. Bxf5 Nxf5 38. Rg5 Ng7 39. Re5 Rh6 40. Nf4 Rf6
41. Rxe4 Nf5 42. Ncd5 Rf7 43. Re6 Kg8 44. h6 1-0

[Event "tm FRA 1st"]
[Site "France"]
[Date "1999.??.??"]
[Round "5"]
[White "Sokolov, Andrei"]
[Black "Gofshtein, Leonid"]
[Result "1/2-1/2"]
[WhiteElo "2567"]
[BlackElo "2517"]
[Annotator "Mulhouse-Noyon"]
[PlyCount "84"]
[EventDate "1999.??.??"]

1. e4 c5 2. Nf3 e6 3. d3 Nc6 4. g3 g6 5. Bg2 Bg7 6. O-O Nge7 7. Re1 d6 8. Nbd2
O-O 9. c3 e5 10. a3 h6 11. b4 Be6 12. Nf1 cxb4 13. axb4 b5 14. Be3 a5 15. bxa5
Rxa5 16. Qd2 Kh7 17. d4 Bc4 18. Qb2 exd4 19. Nxd4 Ne5 20. Rxa5 Nd3 21. Qa3 Nxe1
22. Ra6 b4 23. cxb4 Bxa6 24. Qxa6 Nxg2 25. Kxg2 d5 26. Nc6 Nxc6 27. Qxc6 d4 28.
Bf4 Re8 29. Nd2 Re6 30. Qc4 Qd7 31. Qd5 Qa4 32. b5 Rb6 33. Nc4 Rxb5 34. Qxf7
Qb3 35. h4 d3 36. Qc7 Qc3 37. Qf7 Qb3 38. Qc7 Qc3 39. Qf7 Qd4 40. Nd2 Ra5 41.
Be3 Qd8 42. Nf3 Ra4 1/2-1/2

[Event "tm FRA 1st"]
[Site "France"]
[Date "1999.??.??"]
[Round "5"]
[White "Rechlis, Gad"]
[Black "Koch, Jean-Rene"]
[Result "0-1"]
[WhiteElo "2514"]
[BlackElo "2485"]
[Annotator "Noyon-Mulhouse"]
[PlyCount "86"]
[EventDate "1999.??.??"]

1. e4 c5 2. Nf3 e6 3. d4 cxd4 4. Nxd4 a6 5. Nc3 Qc7 6. Be2 Nf6 7. O-O Bb4 8.
Qd3 O-O 9. Bg5 Be7 10. f4 d6 11. Kh1 Nbd7 12. Qg3 Kh8 13. Rad1 Ng8 14. a4 Bxg5
15. fxg5 Ne5 16. Nf3 Bd7 17. Rd2 Bc6 18. Rfd1 Rfd8 19. h4 Be8 20. Kh2 Nxf3+ 21.
Bxf3 Qb6 22. b3 Rac8 23. Ne2 e5 24. Bg4 Rc7 25. Nc3 Ne7 26. Qxe5 dxe5 27. Rxd8
g6 28. Rxe8+ Kg7 29. Nd5 Nxd5 30. Rxd5 Qf2 31. c4 Qxh4+ 32. Bh3 Qxg5 33. Rexe5
Qf4+ 34. Kh1 Rc6 35. Re7 Rf6 36. Rd1 Qh4 37. e5 Rf3 38. Rdd7 Rf1+ 39. Kh2 Qf4+
40. g3 Rf2+ 41. Bg2 Qh6+ 42. Kg1 Qe3 43. e6 Rf5+ 0-1

[Event "tm FRA 1st"]
[Site "France"]
[Date "1999.??.??"]
[Round "5"]
[White "Baklan, Vladimir"]
[Black "Bezold, Michael"]
[Result "1-0"]
[WhiteElo "2552"]
[BlackElo "2503"]
[Annotator "Mulhouse-Noyon"]
[PlyCount "123"]
[EventDate "1999.??.??"]

1. e4 c5 2. c3 d5 3. exd5 Qxd5 4. d4 e6 5. Nf3 Nf6 6. Na3 Qd8 7. Bg5 Nc6 8.
dxc5 Qxd1+ 9. Rxd1 Bxc5 10. Nc4 h6 11. Bxf6 gxf6 12. Nfd2 Bf8 13. Be2 Ne5 14.
O-O Nxc4 15. Nxc4 Bd7 16. Na5 b6 17. Bf3 Rc8 18. Nb7 Bb5 19. Rfe1 Ba6 20. Rd2
Bxb7 21. Bxb7 Rc7 22. Ba6 Be7 23. Red1 Rg8 24. f4 e5 25. f5 Rg4 26. g3 Kf8 27.
a3 h5 28. Bb5 Re4 29. Kg2 Rg4 30. Kf3 Rg5 31. Bd3 a5 32. Be4 Ra7 33. Rd7 Rxd7
34. Rxd7 Ke8 35. Ra7 Bc5 36. b4 axb4 37. axb4 Bg1 38. Ra2 b5 39. h3 Kd7 40. Ra8
Rg7 41. Rh8 Bh2 42. g4 hxg4+ 43. hxg4 Bf4 44. Bd3 Bd2 45. Bxb5+ Kc7 46. Be2
Bxc3 47. b5 Bd4 48. Ke4 Bc5 49. Kd5 Be3 50. Rh3 Bd2 51. Ra3 Rg8 52. Ra7+ Kb6
53. Ra6+ Kb7 54. Bf3 e4 55. Kxe4 Rd8 56. Rxf6 Rd7 57. Ke5+ Kc8 58. Rc6+ Kd8 59.
f6 Be3 60. Bd5 Ba7 61. b6 Bb8+ 62. Ke4 1-0

[Event "tm FRA 1st"]
[Site "France"]
[Date "1999.??.??"]
[Round "5"]
[White "Berend, Fred"]
[Black "Siegel, Georg"]
[Result "1/2-1/2"]
[WhiteElo "2355"]
[BlackElo "2483"]
[Annotator "Noyon-Mulhouse"]
[PlyCount "76"]
[EventDate "1999.??.??"]

1. d4 d5 2. Nf3 Nf6 3. c3 e6 4. Bg5 c5 5. e3 Nc6 6. Nbd2 Bd6 7. Bd3 O-O 8. O-O
e5 9. dxe5 Nxe5 10. Nxe5 Bxe5 11. Nf3 Bd6 12. Bc2 Be7 13. Qd3 g6 14. Qd2 Ne4
15. Bxe7 Nxd2 16. Bxd8 Nxf3+ 17. gxf3 Rxd8 18. Rfd1 Be6 19. Rd2 Rd6 20. Rad1
Rb6 21. b3 a5 22. Kg2 Kg7 23. Kg3 Rc8 24. Bd3 Ra8 25. Bc2 Rc8 26. Bd3 Ra8 27.
Rb1 Kf6 28. f4 a4 29. b4 cxb4 30. Rxb4 Rc6 31. Bb5 Rxc3 32. Bxa4 Rc4 33. Rd4
Rxb4 34. Rxb4 d4 35. Rxd4 Bxa2 36. Rb4 Bd5 37. e4 Bc6 38. Bxc6 bxc6 1/2-1/2

[Event "tm FRA 1st"]
[Site "France"]
[Date "1999.??.??"]
[Round "5"]
[White "Neiman, Emmanuel"]
[Black "Marzolo, Cyril"]
[Result "1-0"]
[WhiteElo "2333"]
[BlackElo "2435"]
[Annotator "Noyon-Mulhouse"]
[PlyCount "85"]
[EventDate "1999.??.??"]

1. d4 d5 2. c4 c6 3. Nf3 Nf6 4. Nc3 a6 5. e3 b5 6. b3 Bg4 7. Be2 e6 8. O-O Be7
9. h3 Bf5 10. Ne5 h5 11. Bd3 Ra7 12. Bb2 Rc7 13. a4 b4 14. Ne2 a5 15. Rc1 O-O
16. Bxf5 exf5 17. Nf4 g6 18. Qf3 Ne4 19. Rc2 Bg5 20. Rfc1 Re7 21. Nfd3 Kh7 22.
cxd5 Qxd5 23. Nc5 f6 24. Ned3 Nd7 25. Qd1 Ndxc5 26. Nxc5 f4 27. f3 Nc3 28. Bxc3
bxc3 29. e4 Qd8 30. Rxc3 f5 31. Kh1 Bf6 32. e5 Bg7 33. Rc4 Qd5 34. Qe1 g5 35.
Nd3 h4 36. Nxf4 Qd8 37. Nd3 Qb6 38. f4 Rd8 39. Nc5 Bh6 40. Qf2 Rg8 41. fxg5
Rxg5 42. Qxh4 Qd8 43. Nd3 1-0

[Event "tm FRA 1st"]
[Site "France"]
[Date "1999.??.??"]
[Round "5"]
[White "Roser, Kevin"]
[Black "Solakian, Jerome"]
[Result "1-0"]
[WhiteElo "2319"]
[BlackElo "2240"]
[Annotator "Mulhouse-Noyon"]
[PlyCount "93"]
[EventDate "1999.??.??"]

1. e4 e6 2. d4 d5 3. Nc3 Nf6 4. Bg5 Bb4 5. e5 h6 6. Bd2 Bxc3 7. bxc3 Ne4 8. Qg4
g6 9. Nf3 c5 10. Bd3 Nxd2 11. Kxd2 Qe7 12. Rab1 Nc6 13. h4 c4 14. Be2 b6 15.
Qf4 Bd7 16. Nh2 O-O-O 17. Ng4 Rdf8 18. Nf6 Nb8 19. h5 g5 20. Qg4 Bc6 21. f4
gxf4 22. Rbf1 Nd7 23. Rxf4 Nxf6 24. Rxf6 Rfg8 25. Qf3 Be8 26. g4 Kb8 27. Qe3
Qf8 28. Rhf1 Qg7 29. Kd1 Qg5 30. R6f4 Rf8 31. Qc1 Qe7 32. Rf6 Rhg8 33. Rxh6 Qh4
34. Qf4 Qh3 35. Kd2 Kb7 36. Rf6 b5 37. Qf3 Qh4 38. Rh1 Qg5+ 39. Qe3 a5 40. Qxg5
Rxg5 41. a3 Kc7 42. Ke3 Kd7 43. Kf4 Rfg8 44. h6 R5g6 45. Rxg6 fxg6 46. Kg5 Ke7
47. h7 1-0

[Event "tm FRA 1st"]
[Site "France"]
[Date "1999.??.??"]
[Round "5"]
[White "Carton, Camille"]
[Black "Herb, Pascal"]
[Result "1-0"]
[WhiteElo "2217"]
[BlackElo "2356"]
[Annotator "Noyon-Mulhouse"]
[PlyCount "79"]
[EventDate "1999.??.??"]

1. e4 c5 2. Nf3 d6 3. d4 cxd4 4. Nxd4 Nf6 5. Nc3 e6 6. Bg5 Be7 7. Qd2 a6 8. f4
b5 9. a3 Bb7 10. Bd3 Nbd7 11. O-O-O h6 12. Bxf6 Bxf6 13. e5 dxe5 14. Nxe6 fxe6
15. Bg6+ Kf8 16. Qxd7 Qxd7 17. Rxd7 Bc6 18. Rc7 Be8 19. Bxe8 Rxe8 20. fxe5 Bxe5
21. Ra7 Kg8 22. Rxa6 Kh7 23. Nxb5 Rhf8 24. Re1 Bxh2 25. Raxe6 Rxe6 26. Rxe6 Rf2
27. a4 Rxg2 28. a5 Bf4+ 29. Kb1 Rg1+ 30. Ka2 Rg6 31. Rxg6 Kxg6 32. a6 Bb8 33.
c4 Kf6 34. c5 Ke7 35. c6 Kd8 36. c7+ Kc8 37. cxb8=Q+ Kxb8 38. Ka3 g5 39. Ka4 g4
40. Ka5 1-0

[Event "tm FRA 1st"]
[Site "France"]
[Date "1999.??.??"]
[Round "5"]
[White "Muller, Anne"]
[Black "Assad, Karine"]
[Result "1-0"]
[WhiteElo "2140"]
[BlackElo "1850"]
[Annotator "Mulhouse-Noyon"]
[PlyCount "95"]
[EventDate "1999.??.??"]

1. e4 e6 2. d4 d5 3. Nd2 Nf6 4. e5 Nfd7 5. Bd3 c5 6. c3 Nc6 7. Ne2 cxd4 8. cxd4
f6 9. exf6 Nxf6 10. O-O Bd6 11. Nf3 O-O 12. Nc3 a6 13. Bg5 Bd7 14. Rc1 Be8 15.
Re1 Qd7 16. Bh4 Bh5 17. Be2 Bxf3 18. Bxf3 Rae8 19. Bg3 Bxg3 20. hxg3 Re7 21.
Qd2 Kh8 22. Rcd1 Ne8 23. g4 Ref7 24. Qe3 Nd8 25. Rd2 Nd6 26. b3 b5 27. a4 Rf6
28. axb5 axb5 29. Ra2 Qc7 30. Rea1 Nc6 31. Ne2 Qd7 32. Ra8 b4 33. Nc1 Nb5 34.
Ne2 Na3 35. Rxf8+ Rxf8 36. Rc1 Qd6 37. g5 Ne7 38. Ng3 g6 39. Be2 Qf4 40. Nf1
Rf5 41. Nd2 Kg7 42. Nf3 Qd6 43. Bd3 Rf8 44. Re1 Rc8 45. Qxe6 Qxe6 46. Rxe6 Kf7
47. Rb6 Nc6 48. Rxc6 1-0

[Event "tm FRA 1st"]
[Site "France"]
[Date "1999.??.??"]
[Round "5"]
[White "Kallai, Gabor"]
[Black "David, Alberto"]
[Result "1/2-1/2"]
[WhiteElo "2525"]
[BlackElo "2533"]
[Annotator "Strasbourg-Chess XV"]
[PlyCount "56"]
[EventDate "1999.??.??"]

1. d4 Nf6 2. Bg5 e6 3. e3 c5 4. c3 d5 5. Nd2 Nbd7 6. Ngf3 Be7 7. Bd3 b6 8. O-O
Bb7 9. Bxf6 Bxf6 10. e4 cxd4 11. cxd4 dxe4 12. Bxe4 Bxe4 13. Nxe4 O-O 14. Rc1
Be7 15. Qe2 Nf6 16. Nxf6+ Bxf6 17. Qe4 Qd7 18. Rc6 Rad8 19. Rfc1 Qd5 20. Qxd5
Rxd5 21. Rc7 Ra5 22. a3 Rb5 23. R1c2 a5 24. Kf1 h5 25. a4 Rb3 26. R7c3 Rb4 27.
Rc4 Rb3 28. R4c3 Rb4 1/2-1/2

[Event "tm FRA 1st"]
[Site "France"]
[Date "1999.??.??"]
[Round "5"]
[White "Roos, Louis"]
[Black "Lohou, Stephane"]
[Result "1-0"]
[WhiteElo "2388"]
[BlackElo "2179"]
[Annotator "Strasbourg-Chess XV"]
[PlyCount "83"]
[EventDate "1999.??.??"]

1. c4 Nf6 2. Nc3 d5 3. cxd5 Nxd5 4. g3 g6 5. Bg2 Nxc3 6. bxc3 Bg7 7. Rb1 Nd7 8.
h4 Nb6 9. Qc2 Rb8 10. h5 Be6 11. d3 Bd5 12. Nf3 c5 13. e4 Bc6 14. h6 Bf6 15.
Be3 Rc8 16. O-O O-O 17. Rfe1 e5 18. Bxc5 Ba4 19. Bxb6 Bxc2 20. Bxd8 Rfxd8 21.
Rxb7 Rxd3 22. Rxa7 Rdxc3 23. Rc1 Bxe4 24. Rxc3 Rxc3 25. Nxe5 Bxg2 26. Kxg2 Rc8
27. f4 Re8 28. Kf3 Bxe5 29. fxe5 Kf8 30. Kf4 g5+ 31. Kf5 Re6 32. g4 Rxh6 33.
Kxg5 Rc6 34. a4 h6+ 35. Kf5 Rc1 36. a5 Rf1+ 37. Ke4 Rg1 38. Kf4 Rf1+ 39. Ke4
Rg1 40. Kd5 Rxg4 41. a6 h5 42. Rb7 1-0

[Event "tm FRA 1st"]
[Site "France"]
[Date "1999.??.??"]
[Round "5"]
[White "Guyard, Bertrand"]
[Black "Roos, Daniel"]
[Result "0-1"]
[WhiteElo "2196"]
[BlackElo "2425"]
[Annotator "Chess XV-Strasbourg"]
[PlyCount "104"]
[EventDate "1999.??.??"]

1. e4 c6 2. d4 d5 3. Nd2 dxe4 4. Nxe4 Nf6 5. Nxf6+ gxf6 6. Nf3 Bf5 7. Bd3 Bg6
8. O-O e6 9. Bf4 Bd6 10. Bg3 Qc7 11. Re1 Nd7 12. c4 O-O-O 13. b4 Bxg3 14. hxg3
Bxd3 15. Qxd3 Ne5 16. Qc3 Nxf3+ 17. gxf3 f5 18. b5 cxb5 19. Re5 Rd5 20. Rxd5
exd5 21. Qd3 bxc4 22. Qxf5+ Qd7 23. Qf4 Qe6 24. Rb1 a6 25. a4 b6 26. Kg2 Kb7
27. a5 b5 28. Rh1 h5 29. Qd2 Qd6 30. Re1 Rc8 31. Qg5 c3 32. Re7+ Rc7 33. Re8
Qd7 34. Rd8 Qxd8 35. Qxd8 c2 36. Qxd5+ Ka7 37. Qd6 c1=Q 38. Qb6+ Ka8 39. Qxa6+
Ra7 40. Qxb5 Rb7 41. Qxh5 Qc4 42. Qe5 Ka7 43. d5 Qc5 44. Qe3 Rb5 45. Kh3 Qxe3
46. fxe3 Rxd5 47. e4 Rxa5 48. Kg4 Kb7 49. f4 Kc7 50. e5 Kd7 51. Kf5 Ke7 52. g4
Ra4 0-1

[Event "tm FRA 1st"]
[Site "France"]
[Date "1999.??.??"]
[Round "5"]
[White "Maier, Christian"]
[Black "Heinis, Vincent"]
[Result "1/2-1/2"]
[WhiteElo "2353"]
[BlackElo "2266"]
[Annotator "Strasbourg-Chess XV"]
[PlyCount "111"]
[EventDate "1999.??.??"]

1. e4 c6 2. Nc3 d5 3. Nf3 dxe4 4. Nxe4 Nf6 5. Nxf6+ exf6 6. d4 Bd6 7. Bc4 O-O
8. O-O Bg4 9. Re1 Nd7 10. h3 Bh5 11. c3 f5 12. Qd3 f4 13. Ne5 b5 14. Bb3 Bxe5
15. dxe5 Nc5 16. Qxd8 Rfxd8 17. Bxf4 Nd3 18. Bg5 Nxe1 19. Bxd8 Nxg2 20. Kxg2
Rxd8 21. Re1 Kf8 22. e6 Rd2 23. Re5 Bg6 24. exf7 Bxf7 25. Rf5 Rd7 26. Kg3 Ke8
27. Bxf7+ Rxf7 28. Kf4 Rd7 29. Ke3 Rd6 30. h4 Ke7 31. a4 a6 32. a5 g6 33. Re5+
Kd7 34. h5 gxh5 35. Rxh5 h6 36. b4 Rf6 37. Rh1 c5 38. bxc5 Kc6 39. Rh5 Re6+ 40.
Kd4 Rf6 41. f3 Rf4+ 42. Ke3 Rc4 43. Rxh6+ Kxc5 44. Kd3 Rf4 45. Ke2 Rc4 46. Rxa6
Rxc3 47. f4 b4 48. f5 Kb5 49. Ra8 Rc5 50. f6 Rf5 51. Rf8 Ka6 52. Kd3 b3 53. Kc3
Rf3+ 54. Kb2 Ka7 55. Ka3 Kb7 56. Kb2 1/2-1/2

[Event "tm FRA 1st"]
[Site "France"]
[Date "1999.??.??"]
[Round "5"]
[White "Schabanel, Stephane"]
[Black "Harovelo, Ingmar"]
[Result "1-0"]
[WhiteElo "2208"]
[BlackElo "2295"]
[Annotator "Chess XV-Strasbourg"]
[PlyCount "68"]
[EventDate "1999.??.??"]

1. e4 c5 2. Nc3 Nc6 3. f4 d6 4. Nf3 e6 5. Bb5 Bd7 6. O-O Be7 7. d3 Nf6 8. e5
dxe5 9. fxe5 Nd5 10. Ne4 O-O 11. c4 Nc7 12. Qe1 Nxb5 13. cxb5 Nd4 14. Nxd4 cxd4
15. Qg3 Kh8 16. Bg5 Bxg5 17. Nxg5 Qe7 18. Qh4 h6 19. Rf6 Kg8 20. Ne4 Bxb5 21.
Qg3 Bc6 22. Nd6 Kh7 23. Raf1 gxf6 24. exf6 Rg8 25. fxe7 Rxg3 26. hxg3 Kg6 27.
Nxf7 Re8 28. Ne5+ Kg7 29. Rf7+ Kg8 30. Kh2 Bb5 31. Kh3 Bc6 32. Kh4 Bxg2 33. Kh5
Bh3 34. Kxh6 Bf5 1-0